01286nam a2200349 a 4500001001100000003000800011006001900019007001500038008004100053015001500094016001900109020002100128040002100149035002000170050002300190082001400213100002200227245011200249260003800361300001300399490002600412504005100438533015200489650003400641655002900675700003600704700001600740710001700756830002300773856012500796999001500921ebr5000298CaPaEBRm u cr cn|||||||||990222s1999 enk sb 001 0 eng  aGB98-W89227 a18599627182Uk z1859962718(pbk.) aCaPaEBRcCaPaEBR a(OCoLC)7076421914aRC731b.K53 1999eb04a616.22211 aKinnear, W. J. M.10aKey topics in respiratory medicineh[electronic resource] /cW.J.M. Kinnear, I.D.A. Johnston and I.P. Hall. aOxford :bBIOS Scientific,c1999. ax,269 p.1 aThe key topics series aIncludes bibliographical references and index. aElectronic reproduction.bPalo Alto, Calif. :cebrary,d2013.nAvailable via World Wide Web.nAccess may be limited to ebrary affiliated libraries. 0aRespiratory organsxDiseases. 7aElectronic books.2local1 aJohnston, Ivan David Alexander.1 aHall, I. P.2 aebrary, Inc. 0aKey topics series.40uhttp://site.ebrary.com/lib/rucke/Doc?id=5000298zAn electronic book accessible through the World Wide Web; click to view c2756d2756